Aliments commençant par N - Statistiques

Statistiques générales
  • Ce quiz a été pris 2 819 fois
  • Le résultat moyen est 12 sur 16
Statistiques - réponses
Par images Réponse % Correct
Noix de coco
99%
Nutella
98%
Noisette
97%
Nem
94%
Nougat
94%
Nugget
94%
Noix de cajou
91%
Navet
90%
Nectarine
89%
Nouille
89%
Napolitain
82%
Nachos
76%
Noix de pécan
60%
Naan
51%
Navette
19%
Nèfle
10%
Aucun quiz correspondant
Distribution des résultats
% des personnes avec chaque résultat
Percentile par nombre de réponses
Votre historique - résultats
Vous n’avez pas pris ce quiz